| 000 | 00510nam a2200157Ia 4500 | ||
|---|---|---|---|
| 005 | 20250508160035.0 | ||
| 008 | 008 250505s9999 xx 000 0 eng d | ||
| 037 | _aBooks to be hide in OPAC | ||
| 040 |
_aFEDL _beng _cFEDL |
||
| 041 |
_aeng _2eng |
||
| 084 |
_a379.5482, MAD/O _qFEDL |
||
| 245 | 0 | _aReport on public instruction Madras presidency for 1921-22 and for the quinquennium 1917-18 to 1921-22. Vol 11 | |
| 260 | _c1923 | ||
| 942 |
_cHB _h379.5482, MAD/O |
||
| 999 |
_c1361320 _d1361320 |
||